عرض عادي
عرض مارك
- Browning, Elizabeth Barrett,
مدخل إسم شخص
001 - رقم الضبط
- حقل الضبط: 8694
003 - معرف رقم الضبط
- حقل الضبط: OSt
005 - تاريخ ووقت أخر عملية
- حقل الضبط: 20111217083028.0
008 - عناصر بيانات ثابتة الطول
- حقل تحكم ثابت الطول: 111217|||a|||||| | ||| d
040 ## - مصدر الفهرسة
- هيئة الفهرسة الأصلية: OSt
- وكالة الكتابة: OSt
100 ## - مدخل -- أسم شخص
- إسم شخص: Browning, Elizabeth Barrett,
- تواريخ مرتبطة بالاسم: 1806-1861
- تفريع شكلي: Fiction.
670 ## - بيانات المصدر موجوده
- الاستشهاد بالمصدر: Work cat.: (OSt)0: Woolf, Virginia, 1882-1941. 8429, Flush /, 2009.
